000 00490nam a2200181Ia 4500
003 GCL
008 140319s9999 xx 000 0 ara d
040 _aGCL /
_cGCL
082 0 4 _a910
_bى ف
100 1 _aيسرى الجوهرى
245 1 0 _aفلسفة الجغرافيا /
_cيسرى الجوهرى
260 _a[S.N] :
_bمؤسسة شباب الجامعة ،
_c1988
300 _a526 ص
490 _a
650 0 4 _aفلسفة
650 0 4 _aالجغرافيا
942 _2ddc
_cBK
999 _c58237
_d58237